000 01381nam a2200349 a 4500
001 ebr10683388
003 CaPaEBR
006 m u
007 cr cn|||||||||
008 101207s2011 nyua sb 001 0 eng d
010 _z 2010047092
020 _z9781612091440 (hardcover)
020 _z161209144X (hardcover)
020 _z9781622572045 (e-book)
040 _aCaPaEBR
_cCaPaEBR
035 _a(OCoLC)831625391
050 1 4 _aTJ1185
_b.M223 2011eb
082 0 4 _a621.9/02
_222
245 0 0 _aMachine tools
_h[electronic resource] :
_bdesign, reliability and safety /
_cScott P. Anderson, editor.
260 _aNew York :
_bNova Science Publishers, Inc.,
_cc2011.
300 _ax, 238 p. :
_bill.
490 1 _aEngineering tools, techniques and tables
504 _aIncludes bibliographical references and index.
533 _aElectronic reproduction.
_bPalo Alto, Calif. :
_cebrary,
_d2013.
_nAvailable via World Wide Web.
_nAccess may be limited to ebrary affiliated libraries.
650 0 _aMachine-tools.
650 0 _aMachine-tools
_xDesign and construction.
655 7 _aElectronic books.
_2local
700 1 _aAnderson, Scott P.
710 2 _aebrary, Inc.
830 0 _aEngineering tools, techniques and tables.
856 4 0 _uhttp://site.ebrary.com/lib/rucke/Doc?id=10683388
_zAn electronic book accessible through the World Wide Web; click to view
999 _c32522
_d32522